|
|
|
|
| LEADER |
00000nam a2200000 a 4500 |
| 001 |
vtls010186059 |
| 003 |
SK-MaSNL |
| 005 |
20260426002519.0 |
| 008 |
240318s2010 xo dbl f 000 0 slo |
| 015 |
|
|
|a SNBA2011/01-00398
|
| 020 |
|
|
|a 9788089229208
|q (brož.)
|
| 040 |
|
|
|a SNK
|b slo
|c SNK
|e AACR2
|
| 041 |
0 |
|
|a slo
|
| 043 |
|
|
|a e-xo---
|
| 044 |
|
|
|a xo
|c SK
|
| 072 |
|
7 |
|a 376
|x Výchova a vzdelávanie zvláštnych skupín osôb
|2 konspekt
|
| 080 |
|
|
|a 376
|2 2001
|
| 080 |
|
|
|a 376.048
|2 2001
|
| 080 |
|
|
|a (437.6)
|2 2001
|
| 100 |
1 |
|
|a Németh, Ondrej
|4 aut
|9 7908
|
| 245 |
1 |
0 |
|a Špeciálnopedagogické poradenstvo na Slovensku
|c Ondrej Németh
|
| 250 |
|
|
|a 1. vyd.
|
| 260 |
|
|
|a Bratislava
|b Sapientia
|c 2010
|
| 300 |
|
|
|a 198 s.
|b grafy, mp., sch., tab.
|c 21 cm
|
| 504 |
|
|
|a Bibliogr. s. 158-173. Zoz. tab., grafov a obr. Použ. skrat.
|
| 650 |
0 |
7 |
|a špeciálna pedagogika
|2 SNKPH
|9 958
|
| 650 |
0 |
7 |
|a Special education
|2 SNKPHeng
|9 266101
|
| 650 |
0 |
7 |
|a špeciálne poradenstvo
|2 SNKPH
|9 86111
|
| 650 |
0 |
7 |
|a Special counseling
|2 SNKPHeng
|9 331501
|
| 651 |
|
7 |
|a Slovensko
|2 SNKPH
|9 14231
|
| 651 |
|
7 |
|a Slovakia
|2 SNKPHeng
|9 92630
|
| 655 |
|
7 |
|a monografie
|2 SNKPH
|9 70139
|
| 655 |
|
7 |
|a Monographs
|2 SNKPHeng
|9 120675
|
| 919 |
|
|
|a 978-80-89229-20-8
|
| 958 |
|
|
|a NB
|
| 968 |
|
|
|d 37
|
| 999 |
|
|
|c 920633
|d 922563
|
| 952 |
|
|
|a SNK
|b SNK
|y PREZ
|7 0
|p 17A0678209
|o snkSD 79646
|i snk2010/24221
|8 0
|0 0
|1 0
|4 0
|d 2010-11-04
|l 0
|r 2025-11-27 00:00:00
|w 2026-02-24
|
| 952 |
|
|
|a SNK
|b SNK
|y VYP
|7 0
|p 17A0678208
|o snkSD 79646 D1
|i snk2010/24222
|8 0
|3 Poškodená väzba, uvolnené listy!
|0 0
|1 0
|4 0
|d 2010-11-04
|l 0
|r 2026-02-24 08:14:06
|w 2026-02-24
|